[Event "Deltalift Open"]
[Site "Tylosand"]
[Date "2015.05.14"]
[Round "3.7"]
[White "Westerberg, Jonathan"]
[Black "Ask, Josef"]
[Result "1-0"]
[WhiteElo "2447"]
[BlackElo "2172"]

1.e4 c5 2.d3 Nc6 3.g3 g6 4.Bg2 Bg7 5.f4 e6 6.Nf3 Nge7 7.O-O d6 8.c3 O-O 9.
Be3 b6 10.Bf2 Ba6 11.Na3 d5 12.e5 Qd7 13.Re1 Rfd8 14.Nc2 Rac8 15.h4 h5 16.
Ng5 Na5 17.d4 cxd4 18.Nxd4 Nac6 19.Ndf3 Nf5 20.Bh3 Nh6 21.Qd2 Na5 22.Rad1 
Re8 23.Ne4 Ng4 24.Bxg4 hxg4 25.Nh2 Nc4 26.Qc1 Qb5 27.Nf6+ Bxf6 28.exf6 
Qxb2 29.Nxg4 Qxc1 30.Rxc1 Nd2 31.Kg2 d4 32.Bxd4 Bb7+ 33.Kh3 Nf3 34.Nh6+ 
Kf8 35.Be5 Red8 36.Red1 Ke8 37.Ng4 Bd5 38.a3 Rc4 39.Ne3 Nxe5 40.fxe5 Re4 
41.Rd3 Rxe5 42.Rcd1 Rxe3 43.Rxe3 Bg2+ 44.Kxg2 Rxd1 45.g4 Kf8 46.Re4 Rd2+ 
47.Kf3 Rd3+ 48.Kf4 Rxc3 49.Kg5 Rc5+ 50.Kh6 b5 51.h5 gxh5 52.gxh5 Rf5 53.
Rh4 Rxf6+ 54.Kh7 e5 55.Rg4 Rf3 56.h6 Rxa3 57.Rg8+ Ke7 58.Kg7 Rg3+ 59.Kh8 
Rh3 60.h7 a5 61.Rb8 b4 62.Rb5 Ke6 63.Rxa5 f5 64.Kg7 b3 65.Rb5 f4 66.Rxb3 
Rxh7+ 67.Kxh7 Kf5 68.Kh6 Kg4 69.Rb4 Kf5 70.Kh5 f3 71.Kh4 f2 72.Rb8 Kf4 73.
Rf8+ Ke3 74.Kg3 f1=Q 75.Rxf1 Ke2 76.Rf5 e4 77.Kf4 e3 78.Re5 1-0

[Event "Deltalift Open"]
[Site "Tylosand"]
[Date "2015.05.14"]
[Round "3.8"]
[White "Larsson, Victor"]
[Black "Akesson, Ralf"]
[Result "0-1"]
[WhiteElo "2171"]
[BlackElo "2436"]

1.d4 Nf6 2.c4 g6 3.Nc3 d5 4.Bf4 Bg7 5.e3 c5 6.dxc5 Qa5 7.Rc1 dxc4 8.Bxc4 
O-O 9.Ne2 Nc6 10.Qb3 Ne4 11.Qb5 Nxc5 12.O-O Qxb5 13.Nxb5 b6 14.Nc7 Rb8 15.
Bb5 Nb4 16.Nd5 e5 17.Nxb4 exf4 18.Nc6 Rb7 19.b4 Ne6 20.Ba6 f3 21.gxf3 Ng5 
22.Ncd4 Rb8 23.Bxc8 Rbxc8 24.f4 Ne4 25.Nc6 Rc7 26.Rfd1 a6 27.a4 Ra8 28.f3 
Nf6 29.f5 Bf8 30.fxg6 hxg6 31.Nf4 b5 32.axb5 axb5 33.Ne5 Rxc1 34.Rxc1 Bxb4
35.Rc7 Bd6 0-1

[Event "Deltalift Open"]
[Site "Tylosand"]
[Date "2015.05.14"]
[Round "3.9"]
[White "Brynell, Stellan"]
[Black "Drugge, Patrik"]
[Result "1-0"]
[WhiteElo "2433"]
[BlackElo "2171"]

1.d4 d5 2.Nf3 c6 3.c4 e6 4.Nc3 f5 5.Bf4 Nf6 6.e3 Bd6 7.Bd3 O-O 8.O-O Bxf4 
9.exf4 Ne4 10.Ne5 Qh4 11.g3 Qh3 12.Qe2 Nd7 13.Nxd7 Bxd7 14.f3 Nxg3 15.hxg3
Qxg3+ 16.Qg2 Qxf4 17.Rf2 Qxd4 18.Rd1 Qh4 19.Qh2 Qg5+ 20.Kf1 Rad8 21.Qe5 
Bc8 22.Re1 Qh5 23.Ke2 Qg5 24.Nb1 dxc4 25.Bxc4 b5 26.Bb3 Ba6 27.Rh2 Rf6 28.
Kf2 b4 29.f4 Qg6 30.Reh1 h6 31.Rg1 Qf7 32.Rhg2 g6 33.Rxg6+ Rxg6 34.Bxe6 
Rxg1 35.Bxf7+ Kxf7 36.Kxg1 Rd1+ 37.Kf2 Bd3 38.Qc7+ Kf8 39.Qb8+ Kf7 40.
Qxa7+ Kg6 41.Qd4 Rf1+ 42.Kg2 Rd1 43.Kf2 Rf1+ 44.Kg2 Rd1 45.Qxb4 Be4+ 46.
Kf2 Rxb1 47.a4 Kh5 48.a5 Kg4 49.a6 Rc1 50.a7 c5 51.Qxe4 fxe4 52.a8=Q Kxf4 
53.Qf8+ Ke5 54.Qxh6 Ra1 55.Ke3 Re1+ 56.Kd2 Ra1 57.Kc3 Ra4 58.Qg5+ Kd6 59.
Qd8+ 1-0

[Event "Deltalift Open"]
[Site "Tylosand"]
[Date "2015.05.14"]
[Round "3.10"]
[White "Karlsson, Jorgen"]
[Black "Jepson, Christian"]
[Result "1/2-1/2"]
[WhiteElo "2161"]
[BlackElo "2417"]

1.Nc3 Nf6 2.d4 d5 3.Bg5 e6 4.e3 c5 5.Nf3 Nc6 6.Bb5 Be7 7.O-O h6 8.Bh4 O-O 
9.Re1 a6 10.Bf1 b5 11.dxc5 Bxc5 12.a3 Be7 13.Bd3 Bb7 14.Bg3 Na5 15.e4 Nc4 
16.Bxc4 dxc4 17.Qe2 Qb6 18.Be5 Rad8 19.Rad1 Qc6 20.Bd4 Nd7 21.Qe3 Bc5 22.
e5 Rfe8 23.Ne4 Qxe4 24.Qxe4 Bxe4 25.Rxe4 Nb6 26.b4 Bxd4 27.Rexd4 Rxd4 28.
Rxd4 Nd5 29.Nd2 a5 30.bxa5 Ra8 31.f4 Rxa5 32.Nb1 b4 33.axb4 Ra1 34.Rd1 
Nxb4 35.Nc3 Rxd1+ 36.Nxd1 Nxc2 37.Nc3 f5 38.exf6 gxf6 39.Kf2 Kf7 40.Ke2 h5
41.h3 h4 42.Kf3 Kg6 43.Ne4 Nd4+ 44.Kf2 Nb5 45.g4 hxg3+ 46.Nxg3 Nd6 47.Ke2 
f5 48.Ke3 Nb5 49.h4 Kf6 50.h5 Nc7 51.Kd4 Nd5 52.Ne2 Nxf4 53.Ng3 Kg5 54.
Kxc4 Kg4 55.Nf1 Kxh5 56.Kd4 Ng6 57.Ke3 Kg4 58.Nd2 e5 59.Nc4 Kg3 60.Nd6 Ne7
61.Nxf5+ Nxf5+ 62.Ke4 Ne7 63.Kxe5 1/2-1/2

[Event "Deltalift Open"]
[Site "Tylosand"]
[Date "2015.05.14"]
[Round "3.11"]
[White "Sjodahl, Pontus"]
[Black "Lindahl, Emil"]
[Result "1-0"]
[WhiteElo "2411"]
[BlackElo "2171"]

1.d4 Nf6 2.c4 e6 3.g3 Bb4+ 4.Bd2 Qe7 5.Bg2 O-O 6.Nc3 d6 7.a3 Bxc3 8.Bxc3 
a5 9.b3 Nbd7 10.Nf3 Ne4 11.Bb2 f5 12.O-O b6 13.Ne1 Bb7 14.Nd3 Rae8 15.b4 
axb4 16.axb4 Ra8 17.Qc2 Rxa1 18.Rxa1 Ra8 19.Rxa8+ Bxa8 20.Qa4 Qd8 21.b5 
Bb7 22.Nb4 Qg5 23.e3 Qd8 24.Qa2 Kf7 25.Qa1 Qb8 26.Na6 Qc8 27.Bc1 Nef6 28.
Nb4 Bxg2 29.Kxg2 Qb7+ 30.Nc6 Nb8 31.d5 e5 32.Nd8+ 1-0

[Event "Deltalift Open"]
[Site "Tylosand"]
[Date "2015.05.14"]
[Round "3.12"]
[White "Brzezinski, Adam"]
[Black "Johansson, Linus"]
[Result "0-1"]
[WhiteElo "2150"]
[BlackElo "2389"]

1.d4 e6 2.c4 Nf6 3.Nc3 Bb4 4.a3 Bxc3+ 5.bxc3 b6 6.Bg5 h6 7.Bh4 g5 8.Bg3 d6
9.Nf3 Bb7 10.Nd2 Nbd7 11.f3 Qe7 12.e4 e5 13.a4 a5 14.Bf2 h5 15.Be2 h4 16.
Qc2 O-O-O 17.c5 dxc5 18.Nb3 h3 19.g3 exd4 20.cxd4 Nxe4 21.dxc5 Nexc5 22.
Nxc5 Nxc5 23.O-O Ne6 24.Bxb6 Nd4 25.Bxd4 Rxd4 26.Rab1 Qe3+ 27.Rf2 Rhd8 28.
Rxb7 Kxb7 29.Ba6+ Kb6 30.Be2 Rd2 31.Qc4 Rd1+ 32.Bf1 R8d3 33.Qb5+ Ka7 34.
Qxa5+ Kb7 35.Qb5+ Kc8 36.Qf5+ Kd8 37.Qxh3 R3d2 38.Qg2 Ra1 39.h4 Raa2 0-1

[Event "Deltalift Open"]
[Site "Tylosand"]
[Date "2015.05.14"]
[Round "3.13"]
[White "Bellon Lopez, Juan Manuel"]
[Black "Rosell, Tomas"]
[Result "1-0"]
[WhiteElo "2364"]
[BlackElo "2162"]

1.d4 f5 2.h3 d6 3.Nc3 g6 4.e4 Bg7 5.Bg5 c6 6.exf5 Bxf5 7.g4 Bd7 8.Nge2 Qb6
9.Qd2 Nf6 10.O-O-O Na6 11.Qe3 Nc7 12.Bg2 Ne6 13.f4 O-O-O 14.Bh4 Rde8 15.
Bf2 Nc7 16.g5 Nfd5 17.Nxd5 cxd5 18.h4 Qa5 19.Kb1 Rhf8 20.Rd3 a6 21.Ra3 Qb6
22.Rb3 Qa5 23.Be1 Qa4 24.Rb4 Qc6 25.Qb3 Bf5 26.Nc3 e6 27.Bf2 b5 28.a4 Kd7 
29.Be3 Rb8 30.a5 Rf7 31.h5 Rbf8 32.Rh2 gxh5 33.Rxh5 Bg6 34.Rh1 Rxf4 35.
Bxf4 Rxf4 36.Bh3 Rf2 37.Re1 Bxc2+ 38.Qxc2 Rxc2 39.Kxc2 Qa8 40.Rf1 Ke7 41.
Ne2 Qe8 42.Nf4 e5 43.Rb3 b4 44.Rxb4 Qc6+ 45.Kb1 exf4 46.Rb6 Qc4 47.Re1+ 
Kf7 48.Rc1 Qd3+ 49.Ka2 Nb5 50.Rb7+ Kg6 51.Bd7 Qxd4 52.Be8+ Kxg5 53.Rxg7+ 
Kf5 54.Rf7+ Ke4 55.Re1+ Kf3 56.Rf1+ Ke3 57.R7xf4 Qxf4 58.Rxf4 Kxf4 59.Bxb5
axb5 60.a6 h5 61.a7 h4 62.a8=Q 1-0

[Event "Deltalift Open"]
[Site "Tylosand"]
[Date "2015.05.14"]
[Round "3.14"]
[White "Sigeman, Johan"]
[Black "Sagit, Rauan"]
[Result "1/2-1/2"]
[WhiteElo "2147"]
[BlackElo "2360"]

1.c4 f5 2.Nc3 Nf6 3.g3 e6 4.Bg2 Be7 5.Nf3 O-O 6.O-O d5 7.d4 c6 8.b3 Qe8 9.
a4 a5 10.Ba3 Bxa3 11.Rxa3 Qe7 12.Ra1 dxc4 13.bxc4 Rd8 14.Qb3 Qb4 15.Rab1 
Na6 16.e3 Qxb3 17.Rxb3 Nb4 18.Ne5 Nd7 19.Nxd7 Bxd7 20.f4 b6 21.Rf2 Rab8 
22.Rd2 Be8 23.Bf3 Kf8 24.Kf2 Ke7 25.Rb1 c5 26.d5 exd5 27.cxd5 Rd6 28.g4 g6
29.Rbd1 Rbd8 30.Ke2 Bd7 31.h3 1/2-1/2

[Event "Deltalift Open"]
[Site "Tylosand"]
[Date "2015.05.14"]
[Round "3.15"]
[White "Lindgren, Philip"]
[Black "Andersson, Robert"]
[Result "1/2-1/2"]
[WhiteElo "2346"]
[BlackElo "2067"]

1.d4 Nf6 2.c4 g6 3.Nc3 d5 4.Nf3 Bg7 5.Qb3 c6 6.cxd5 cxd5 7.Bg5 Nc6 8.e3 
O-O 9.Bxf6 Bxf6 10.Nxd5 Bg7 11.Nc3 e5 12.dxe5 Nxe5 13.Nxe5 Bxe5 14.Bc4 Qh4
15.g3 Qh3 16.f4 Bxc3+ 17.bxc3 Bf5 18.Bd5 Rae8 19.Kf2 Be4 20.Bxe4 Rxe4 21.
Qxb7 Rfe8 22.Rae1 Qe6 23.Qxa7 Re7 24.Qc5 Qxa2+ 25.Re2 Qe6 26.Rd1 Rc4 27.
Qa5 Rec7 28.Rd3 R4c5 29.Qa8+ Rc8 30.Rd8+ Kg7 31.Rxc8 Rxc8 32.Qa5 Qc6 33.
Qe5+ Kg8 34.Rd2 Qh1 35.Qd5 Qxh2+ 36.Qg2 Qxg2+ 37.Kxg2 Rxc3 38.Kf3 h5 39.
Rd5 Rc4 40.Rd3 Rc5 41.e4 Ra5 42.Rb3 Kg7 43.e5 Ra7 44.Rb6 Rc7 45.Kg2 Ra7 
46.Kh3 Rc7 47.Kh4 Ra7 48.Kg5 Ra5 49.Rb7 Rc5 50.Ra7 Rb5 51.Kh4 Kg8 52.Re7 
Kf8 53.Rd7 Kg8 54.Kg5 Kg7 55.Re7 Ra5 56.Kh4 Kf8 57.Rb7 Kg8 58.Rb6 Kg7 59.
Kg5 Rc5 60.Rf6 Ra5 61.Rd6 Rb5 62.Ra6 Rc5 63.Ra7 Rb5 64.Re7 Ra5 65.f5 Rxe5 
66.Rxe5 f6+ 67.Kf4 fxe5+ 68.Kxe5 g5 69.f6+ Kf7 70.Kf5 h4 71.gxh4 gxh4 72.
Kg4 Kxf6 73.Kxh4 1/2-1/2

[Event "Deltalift Open"]
[Site "Tylosand"]
[Date "2015.05.14"]
[Round "3.16"]
[White "Bernhardsson, Sten"]
[Black "Fries-Nielsen, Niels Jorgen"]
[Result "1/2-1/2"]
[WhiteElo "2019"]
[BlackElo "2343"]

1.d4 Nf6 2.Nf3 d6 3.c4 Nbd7 4.Nc3 e5 5.e4 Be7 6.Be2 O-O 7.O-O Re8 8.Qc2 c6
9.Rd1 Qc7 10.d5 a6 11.Ne1 Nf8 12.Be3 Ng4 13.Bxg4 Bxg4 14.f3 Bd7 15.b4 b6 
16.dxc6 Bxc6 17.Rac1 Rec8 18.Qf2 Nd7 19.Nd5 Bxd5 20.cxd5 Qb7 21.Nd3 b5 22.
Qd2 Bd8 23.Rxc8 Rxc8 24.Rc1 Bb6 25.Kf2 f5 26.Rxc8+ Qxc8 27.Qc1 Qxc1 28.
Nxc1 Kf7 29.Nd3 Bd8 30.Ke2 h6 31.h3 Nf6 32.Nf2 f4 33.Ba7 h5 34.Nd1 Nd7 35.
Nc3 Bb6 36.Bxb6 Nxb6 37.Kd3 Kf6 38.Ne2 Kg5 39.Nc3 Kh4 40.Ke2 Kg3 41.Kf1 
Nc4 42.Ne2+ Kh2 43.Kf2 h4 44.Nc3 Ne3 45.a4 bxa4 46.Nxa4 Nc2 47.Nc5 Nxb4 
48.Nb7 Nd3+ 49.Kf1 g6 50.Nxd6 a5 51.Nc4 a4 52.d6 Nc5 53.Kf2 Nd7 54.Kf1 Kh1
55.Kf2 Kh2 56.Kf1 Kg3 57.Na3 Nb6 58.Nb5 g5 59.Na3 Nd7 60.Nc4 Kh2 1/2-1/2

[Event "Deltalift Open"]
[Site "Tylosand"]
[Date "2015.05.14"]
[Round "3.17"]
[White "Ziegler, Ari"]
[Black "Olsen, Robin"]
[Result "1-0"]
[WhiteElo "2305"]
[BlackElo "2018"]

1.e4 c6 2.d4 d5 3.e5 c5 4.dxc5 Nc6 5.Nf3 e6 6.Bd3 Bxc5 7.O-O Nge7 8.Bf4 
Ng6 9.Bg3 O-O 10.Nc3 Nb4 11.h4 Nxd3 12.Qxd3 Be7 13.h5 Nh4 14.Nd4 Nf5 15.
Nxf5 exf5 16.Nxd5 Be6 17.c4 Rc8 18.b3 a5 19.Rad1 Bc5 20.Qd2 b6 21.Qf4 Qe8 
22.h6 Bxd5 23.hxg7 Kxg7 24.cxd5 Kg6 25.Bh4 Be7 26.Rd3 Bxh4 27.Qxh4 1-0

[Event "Deltalift Open"]
[Site "Tylosand"]
[Date "2015.05.14"]
[Round "3.18"]
[White "Persson, Anders"]
[Black "Dragicevic, Drazen"]
[Result "1-0"]
[WhiteElo "1984"]
[BlackElo "2304"]

1.d4 Nf6 2.c4 g6 3.Nc3 d5 4.Bf4 Bg7 5.e3 O-O 6.Rc1 c5 7.dxc5 Qa5 8.h3 Ne4 
9.cxd5 Nxc3 10.Qd2 Qxc5 11.Rxc3 Bxc3 12.bxc3 Bf5 13.Nf3 Rc8 14.c4 b5 15.
Nd4 bxc4 16.Nxf5 gxf5 17.Be2 Nd7 18.Bf3 Nf6 19.O-O Ne4 20.Qc2 Qxd5 21.Rd1 
Qe6 22.g4 Nc5 23.gxf5 Qa6 24.Be5 Nd3 25.Bd4 Rab8 26.Kh1 f6 27.Bd5+ Kh8 28.
Rg1 Qb5 29.e4 Qb4 30.Qe2 Rg8 31.e5 Rxg1+ 32.Kxg1 Qb1+ 33.Kh2 Rb2 34.exf6 
h6 35.f7+ Kh7 36.f8=N# 1-0

[Event "Deltalift Open"]
[Site "Tylosand"]
[Date "2015.05.14"]
[Round "3.19"]
[White "Rydstrom, Tom"]
[Black "Cardilin, Tim"]
[Result "1-0"]
[WhiteElo "2291"]
[BlackElo "1971"]

1.e4 e6 2.d4 d5 3.Nc3 Nf6 4.e5 Nfd7 5.f4 c5 6.Nf3 Nc6 7.Be3 Be7 8.Qd2 O-O 
9.Be2 b6 10.Nd1 Bb7 11.c3 cxd4 12.cxd4 Rc8 13.O-O f6 14.Rc1 Na5 15.b3 Rxc1
16.Qxc1 Qc8 17.Qd2 Ba6 18.exf6 Nxf6 19.Nf2 Bxe2 20.Qxe2 Bd6 21.g3 Qd7 22.
Bd2 Nc6 23.Re1 Re8 24.Kg2 Nd8 25.h3 Nf7 26.Ng5 Nd8 27.Ng4 Nxg4 28.Qxg4 h6 
29.Nf3 Nc6 30.Bc3 Qf7 31.Nh4 Bb4 32.Bxb4 Nxb4 33.f5 Nc2 34.Re5 exf5 35.
Nxf5 Rxe5 36.Nxh6+ Kf8 37.Nxf7 Ne3+ 38.Kf3 Nxg4 39.Nxe5 Nf6 40.Kf4 Ne4 41.
Nd3 Ke7 42.Ke5 Nxg3 43.Kxd5 Ne2 44.a3 g5 45.Ke5 Ng1 46.Nf2 Nf3+ 47.Kd5 Kd7
48.b4 Ng1 49.Ke5 Nf3+ 50.Ke4 Nd2+ 51.Kf5 Nf3 52.Ne4 Nxd4+ 53.Kxg5 a5 54.
Kf6 Kc6 55.h4 axb4 56.axb4 Kd5 57.Ng5 Ne2 58.h5 Nf4 59.h6 Nh5+ 60.Kf7 Kc4 
61.h7 1-0

[Event "Deltalift Open"]
[Site "Tylosand"]
[Date "2015.05.14"]
[Round "3.20"]
[White "Rosberg, Simon"]
[Black "Ng, Klemens"]
[Result "1-0"]
[WhiteElo "2262"]
[BlackElo "1834"]

1.Nf3 Nf6 2.c4 g6 3.g3 Bg7 4.Bg2 d6 5.d4 O-O 6.O-O c5 7.Nc3 Nbd7 8.d5 Rb8 
9.a4 b6 10.h3 a6 11.Qc2 Ne8 12.Nd2 Nc7 13.Ra2 b5 14.b3 Nf6 15.Bb2 Bd7 16.
e4 bxa4 17.Nxa4 Qc8 18.Kh2 Bxa4 19.Rxa4 Nd7 20.Bxg7 Kxg7 21.f4 f6 22.Nf3 
Qe8 23.Qc3 e5 24.dxe6 Qxe6 25.Rd1 Rb6 26.Re1 Re8 27.Ra2 Reb8 28.Rb2 Rb4 
29.e5 Kf8 30.exd6 Qxd6 31.Rd2 Rxb3 32.Qxb3 Qxd2 33.Qxb8+ 1-0

[Event "Deltalift Open"]
[Site "Tylosand"]
[Date "2015.05.14"]
[Round "3.21"]
[White "Torngren, Gustav"]
[Black "Hillarp Persson, Tiger"]
[Result "0-1"]
[WhiteElo "1544"]
[BlackElo "2548"]

1.g3 d5 2.Bg2 c6 3.b3 e5 4.Bb2 Bd6 5.e3 Nf6 6.Ne2 Nbd7 7.O-O h5 8.d3 h4 9.
Nd2 hxg3 10.fxg3 Ng4 11.Ne4 dxe4 12.dxe4 Bc5 13.Rf3 Nxe3 14.Rxe3 Bxe3+ 15.
Kh1 Qg5 0-1

[Event "Deltalift Open"]
[Site "Tylosand"]
[Date "2015.05.14"]
[Round "3.22"]
[White "Forsberg, Timmy"]
[Black "Norberg, Erik"]
[Result "1-0"]
[WhiteElo "2045"]
[BlackElo "2268"]

1.d4 g6 2.c4 Bg7 3.Nf3 Nf6 4.Nc3 d6 5.e4 O-O 6.Be2 c6 7.O-O Qc7 8.h3 e5 9.
Be3 Nbd7 10.Qc2 d5 11.dxe5 Nxe5 12.Nxe5 Qxe5 13.f4 Qe7 14.e5 dxc4 15.Bxc4 
Bf5 16.Qf2 Nd7 17.g4 Be6 18.Bxe6 fxe6 19.Qg2 g5 20.fxg5 Nxe5 21.Ne4 Nd3 
22.Rad1 Rxf1+ 23.Rxf1 Qb4 24.Nf6+ Bxf6 25.gxf6 Kf7 26.a3 Qc4 27.Qg3 Rc8 
28.Qd6 1-0

[Event "Deltalift Open"]
[Site "Tylosand"]
[Date "2015.05.14"]
[Round "3.23"]
[White "Thiborg, Jesper"]
[Black "Haugli, Petter"]
[Result "0-1"]
[WhiteElo "2065"]
[BlackElo "2256"]

1.d4 Nf6 2.Nf3 d5 3.Bf4 c5 4.c3 e6 5.e3 Nc6 6.Nbd2 Be7 7.Bd3 O-O 8.h3 b6 
9.O-O Bb7 10.Re1 Rc8 11.Rc1 Bd6 12.Ne5 Qc7 13.Nxc6 Bxc6 14.Bxd6 Qxd6 15.e4
dxe4 16.Nxe4 Bxe4 17.Bxe4 cxd4 18.Bb1 Rfd8 19.cxd4 Rxc1 20.Qxc1 Qxd4 21.
Qc7 Qd7 22.Qc4 g6 23.a3 Kg7 24.Rc1 Qd2 25.b4 Qb2 26.a4 Rd4 27.Qc7 Rxb4 28.
Re1 Rxa4 29.Bd3 Qd2 30.Re3 Ra1+ 31.Kh2 Qxf2 32.Rf3 Qg1+ 33.Kg3 Nh5+ 34.Kh4
Ra4+ 35.g4 Qe1+ 36.Kg5 h6# 0-1

[Event "Deltalift Open"]
[Site "Tylosand"]
[Date "2015.05.14"]
[Round "3.24"]
[White "Andersson, Stefan 1964"]
[Black "Fransson, Peter"]
[Result "0-1"]
[WhiteElo "2029"]
[BlackElo "2225"]

1.d4 Nf6 2.c4 g6 3.Nf3 Bg7 4.e3 O-O 5.Bd3 d6 6.h3 Nc6 7.Nc3 e5 8.d5 Nb4 9.
O-O Nxd3 10.Qxd3 Nd7 11.e4 Nc5 12.Qe2 a5 13.Bg5 f6 14.Be3 b6 15.Bxc5 bxc5 
16.Rad1 f5 17.Nb5 f4 18.Nh2 h5 19.a4 Rf7 20.Rd3 Bf6 21.g4 Rh7 22.gxh5 Rxh5
23.Ng4 Bg7 24.Kh2 Kf7 25.Rg1 Qd7 26.Qf3 Bb7 27.Qg2 Rah8 28.Rf3 g5 29.Rh1 
Bc8 30.Kg1 Qd8 31.Kf1 Rh4 32.Rg1 Bxg4 33.hxg4 Rh2 34.Rxf4+ gxf4 35.Qf3 
R8h3 36.Qe2 Qh4 37.Ke1 Rh1 38.Rxh1 Rxh1+ 39.Kd2 Rh2 40.Ke1 Qh3 41.Qc2 Qxg4
42.Nxc7 Qg1+ 0-1

[Event "Deltalift Open"]
[Site "Tylosand"]
[Date "2015.05.14"]
[Round "3.25"]
[White "Andersson, Kjell-Ake"]
[Black "Eriksson, Kristian"]
[Result "0-1"]
[WhiteElo "2016"]
[BlackElo "2177"]

1.c4 e5 2.g3 Nf6 3.Bg2 h6 4.Nc3 Bb4 5.Nd5 Nxd5 6.cxd5 O-O 7.Nf3 Re8 8.O-O 
d6 9.a3 Bc5 10.b4 Bb6 11.Bb2 Bf5 12.Nh4 Bh7 13.e4 Nd7 14.d3 Nf6 15.Kh1 Qd7
16.h3 g5 17.Nf3 Bg6 18.Nd2 a6 19.Kh2 Kh7 20.f4 gxf4 21.gxf4 Bh5 22.Qc2 Qe7
23.fxe5 dxe5 24.Rf5 Ng4+ 25.hxg4 Qh4+ 26.Bh3 Bxg4 27.Rf3 Bxf3 28.Nxf3 Qf4+
29.Kh1 Qxf3+ 30.Qg2 Qxg2+ 31.Bxg2 f6 32.Bh3 Rg8 33.Bf5+ Kh8 34.Bc1 Rg1+ 
35.Kh2 Rag8 0-1

[Event "Deltalift Open"]
[Site "Tylosand"]
[Date "2015.05.14"]
[Round "3.26"]
[White "Karlsson, Erik 1997"]
[Black "Wallin, Dennis"]
[Result "1/2-1/2"]
[WhiteElo "1841"]
[BlackElo "2142"]

1.d4 e6 2.c4 Bb4+ 3.Bd2 Bxd2+ 4.Qxd2 Nf6 5.Nc3 d6 6.Nf3 Nbd7 7.e4 e5 8.Be2
O-O 9.O-O exd4 10.Nxd4 Nc5 11.f3 a5 12.Nb3 Nxb3 13.axb3 Bd7 14.Nb5 Bxb5 
15.cxb5 c6 16.Rfd1 d5 17.e5 Nd7 18.Qd4 Qe7 19.f4 f6 20.bxc6 bxc6 21.Qc3 
Qe6 22.Rxa5 Rxa5 23.Qxa5 fxe5 24.fxe5 Qxe5 25.Qd2 Nc5 26.b4 Nb3 27.Qd3 
Qxb2 28.Rb1 Qd4+ 29.Qxd4 Nxd4 30.Bg4 Rf4 31.h3 g6 32.g3 Re4 33.Kf2 h5 34.
Bf3 Nxf3 35.Kxf3 Kf7 36.b5 cxb5 37.Rxb5 Ke6 38.Rb6+ Kf5 39.Rd6 Rd4 40.Ke3 
Rd1 41.Ke2 Rd4 42.Ke3 1/2-1/2

[Event "Deltalift Open"]
[Site "Tylosand"]
[Date "2015.05.14"]
[Round "3.28"]
[White "Svensson, Soren"]
[Black "Akesson, Joel"]
[Result "0-1"]
[WhiteElo "1973"]
[BlackElo "2294"]

1.d4 e6 2.Nf3 Nf6 3.c4 Bb4+ 4.Nbd2 b6 5.a3 Bxd2+ 6.Bxd2 Bb7 7.Bg5 h6 8.Bh4
d6 9.Qc2 Nbd7 10.Rd1 Qe7 11.e3 O-O 12.b4 Rfe8 13.Be2 Be4 14.Bd3 Bxd3 15.
Qxd3 e5 16.Qc2 exd4 17.Nxd4 Qe4 18.Qxe4 Nxe4 19.f3 Ng5 20.Kf2 Ne6 21.Bg3 
a5 22.Rd2 axb4 23.axb4 Ra4 24.Rb1 Rea8 25.Nc6 Nb8 26.Nd4 Nxd4 27.exd4 Nc6 
28.c5 Rxb4 29.Rxb4 Nxb4 30.cxb6 cxb6 31.Bxd6 Nd5 32.g3 Rd8 33.Ba3 Nc3 34.
Bb2 Nd5 35.f4 f5 36.Re2 Kf7 37.Rc2 Ra8 38.Bc1 Ra4 39.Rd2 Ra1 40.Rc2 Ra4 
41.Rd2 Rc4 42.Ba3 Rc3 43.Bd6 Nf6 44.Ke2 Ne4 45.Bb4 Rb3 46.d5 Rxb4 47.d6 
Nxd2 0-1

[Event "Deltalift Open"]
[Site "Tylosand"]
[Date "2015.05.14"]
[Round "3.29"]
[White "Madebrink, Lars"]
[Black "Green, Per"]
[Result "1-0"]
[WhiteElo "2236"]
[BlackElo "1966"]

1.c4 e5 2.Nc3 Nf6 3.Nf3 Nc6 4.g3 Bb4 5.Bg2 Bxc3 6.dxc3 d6 7.O-O O-O 8.Qc2 
Be6 9.b3 a5 10.Ng5 Bd7 11.h3 Qc8 12.Kh2 h6 13.Ne4 Nxe4 14.Qxe4 f5 15.Qd3 
e4 16.Qc2 Ne5 17.f4 Nc6 18.Be3 Be6 19.Rad1 b6 20.g4 Re8 21.gxf5 Bxf5 22.
Rd5 Qe6 23.Rg1 Re7 24.Qc1 Rf7 25.Qe1 Ne7 26.Rd1 a4 27.Qd2 Rf6 28.Bf2 Rg6 
29.Bh4 Re8 30.Bxe7 Rxe7 31.Qd5 axb3 32.axb3 Rf6 33.e3 Rf8 34.Ra1 Qxd5 35.
cxd5 Ree8 36.Ra7 Rc8 37.Rga1 Rfe8 38.Bf1 Re7 39.Bb5 Kf7 40.Rb7 Kf6 41.Raa7
g5 42.fxg5+ Kxg5 43.Ra1 Kh4 44.Bf1 Rg8 45.Raa7 Rgg7 46.Rb8 Rg3 47.Rf8 Rg5 
48.Ra2 Kh5 49.Rf2 Kg6 50.h4 Rh5 51.Rf4 Bd7 52.c4 b5 53.Be2 Rhe5 54.Rg8+ 
Rg7 55.Rd8 bxc4 56.bxc4 Ree7 57.h5+ Kg5 58.Rdf8 Re5 59.R8f6 Bc8 60.Rf8 Bd7
61.Kg3 Rge7 62.Rg8+ 1-0

[Event "Deltalift Open"]
[Site "Tylosand"]
[Date "2015.05.14"]
[Round "3.30"]
[White "Axelsson, Henrik"]
[Black "Lindh, Fredrik"]
[Result "0-1"]
[WhiteElo "1959"]
[BlackElo "2235"]

1.d4 Nf6 2.Nf3 g6 3.c4 Bg7 4.Nc3 d5 5.Bf4 c6 6.e3 O-O 7.Qb3 Qa5 8.Bd3 dxc4
9.Bxc4 b5 10.Bxf7+ Rxf7 11.Ne5 e6 12.Nxf7 Kxf7 13.O-O Nd5 14.Nxd5 exd5 15.
Rac1 Qb6 16.Rc5 Bf8 17.Rxd5 Be6 18.e4 cxd5 19.exd5 Bf5 20.d6+ Be6 21.d5 
Bf5 22.Qf3 Qd4 23.d7 Nxd7 24.d6 Re8 25.g4 Re4 26.gxf5 Rxf4 27.Qe2 Rg4+ 28.
Kh1 Qe4+ 29.Qxe4 Rxe4 30.fxg6+ hxg6 31.Rc1 Bxd6 32.Rd1 Ke6 33.Kg2 Re2 34.
Kf3 Rxb2 35.Re1+ Ne5+ 36.Kg2 Bc5 37.Rf1 Ng4 38.Kg3 Kf5 39.f3 Ne3 40.Rc1 
Rg2+ 41.Kh3 Bd6 42.Rh1 Rg5 43.f4 Bxf4 44.a4 Rh5# 0-1

[Event "Deltalift Open"]
[Site "Tylosand"]
[Date "2015.05.14"]
[Round "3.31"]
[White "Ronneland, Daniel"]
[Black "Szumniak, Jedrzej"]
[Result "0-1"]
[WhiteElo "2213"]
[BlackElo "1962"]

1.e4 c5 2.Nf3 Nc6 3.d4 cxd4 4.Nxd4 Qb6 5.Nb3 Nf6 6.Nc3 e6 7.Be3 Qc7 8.Be2 
Be7 9.O-O O-O 10.f4 d6 11.Bf3 a6 12.a4 b6 13.Qe2 Bb7 14.g4 Nb4 15.a5 bxa5 
16.Rxa5 Bd8 17.Rd1 Nxe4 18.Nxe4 Qxc2 19.Qxc2 Nxc2 20.Bf2 Bxa5 21.Nxa5 Bd5 
22.Ng5 Bxf3 23.Nxf3 Nb4 24.Rxd6 Rfd8 25.Bc5 Nd3 26.b4 Nxf4 27.Ne5 Rxd6 28.
Bxd6 Nd5 29.Nec6 f6 30.Ne7+ Nxe7 31.Bxe7 Kf7 32.Bd6 e5 33.Kf2 Ke6 34.Bc5 
Kd5 35.Ke3 Rb8 36.Kd3 Rb5 37.Be7 Ke6 38.Bc5 Kd5 39.Bf8 g6 40.Nc4 Rb8 41.
Ne3+ Ke6 42.Bc5 f5 43.g5 Rc8 44.Nc4 Rd8+ 45.Ke3 f4+ 46.Ke4 Rd1 47.h4 Rh1 
48.Bf2 Rh2 49.Bb6 Rxh4 50.Nd2 f3+ 51.Kxf3 Rxb4 52.Bc5 Rb5 53.Ne4 a5 54.Bf8
a4 55.Nc5+ Kf7 56.Bd6 a3 57.Nd3 a2 58.Nxe5+ Ke6 0-1

[Event "Deltalift Open"]
[Site "Tylosand"]
[Date "2015.05.14"]
[Round "3.32"]
[White "Stenman, Christoffer"]
[Black "Guglielmi, Riccardo"]
[Result "0-1"]
[WhiteElo "1901"]
[BlackElo "2178"]

1.e4 e6 2.Nf3 d5 3.e5 c5 4.b4 b6 5.bxc5 bxc5 6.c3 Bd7 7.d4 Nc6 8.Be2 Nh6 
9.Bxh6 gxh6 10.O-O c4 11.Qc2 Bg7 12.Nbd2 O-O 13.Rfe1 Rb8 14.Nf1 f6 15.exf6
Qxf6 16.Ng3 Be8 17.Rab1 Bg6 18.Qa4 Rxb1 19.Rxb1 Bxb1 20.Nh5 Qf7 21.Nxg7 
Kxg7 22.Qxc6 Be4 23.Qd6 Bxf3 24.Bxf3 Qf4 25.Qxf4 Rxf4 26.Kf1 Rf7 0-1

[Event "Deltalift Open"]
[Site "Tylosand"]
[Date "2015.05.14"]
[Round "4.1"]
[White "Berg, Emanuel"]
[Black "Brynell, Stellan"]
[Result "1/2-1/2"]
[WhiteElo "2553"]
[BlackElo "2433"]

1.e4 e6 2.d4 d5 3.Nc3 Nf6 4.e5 Nfd7 5.f4 c5 6.Nf3 Nc6 7.Be3 cxd4 8.Nxd4 
Bc5 9.Qd2 O-O 10.O-O-O a6 11.Qf2 Qe7 12.Bd3 f6 13.exf6 Nxf6 14.h3 Bd6 15.
Kb1 Bd7 16.Rhe1 Rac8 17.a3 b5 18.Nxc6 Bxc6 19.Bd4 Nd7 20.Qe2 Rxf4 21.Qxe6+
Qxe6 22.Rxe6 Bc5 23.Ne2 Rxd4 24.Nxd4 Bxd4 25.Bf5 Bf6 26.Rd6 Rc7 27.Rxc6 
Rxc6 28.Bxd7 Rd6 29.Rxd5 Rxd5 30.Be6+ Kf8 31.Bxd5 a5 32.c3 Ke7 33.Bc6 b4 
34.cxb4 axb4 35.a4 Kd6 36.Be4 h6 37.a5 Kc5 38.a6 Kb6 39.Bd3 Be5 40.Kc2 Bf6
41.Bc4 Be5 42.b3 Bf6 43.Kd3 Be5 44.Ke4 Bc3 45.g4 Bb2 46.Kd5 Bc3 47.Bb5 Ka7
48.Kc6 Bb2 49.Bc4 Bc3 50.Kb5 Bd2 51.Bd5 Bc3 52.Bb7 Bd2 53.Kc6 Bc3 54.Kd5 
Kb6 55.Ke6 Bb2 56.Kf7 Bc3 57.h4 Bb2 58.Kg6 Bc3 59.Kf5 Be1 60.h5 Bc3 61.Ke6
Bb2 62.Kd7 Ka7 63.Kc6 Bc3 64.Kc5 Be1 65.Kb5 1/2-1/2

[Event "Deltalift Open"]
[Site "Tylosand"]
[Date "2015.05.14"]
[Round "4.2"]
[White "Blomqvist, Erik"]
[Black "Sjodahl, Pontus"]
[Result "0-1"]
[WhiteElo "2513"]
[BlackElo "2411"]

1.e4 e6 2.d4 d5 3.e5 c5 4.c3 Qb6 5.Nf3 Bd7 6.Bd3 Nc6 7.dxc5 Qc7 8.Qe2 Bxc5
9.b4 Bb6 10.Na3 a6 11.O-O Nge7 12.Bd2 Ng6 13.Rfe1 O-O 14.Rac1 f6 15.Bxg6 
hxg6 16.exf6 Rxf6 17.Bg5 Rf5 18.Be3 Raf8 19.Nc2 Bxe3 20.Nxe3 Rxf3 21.gxf3 
Qf4 22.Ng4 Rf5 23.Kg2 Rh5 24.Qe3 Qc4 25.Rcd1 Kh7 26.h3 Rf5 27.Rd2 Bc8 28.
a4 Qb3 29.a5 Qc4 30.Red1 Rh5 31.Kg3 Ne7 32.Qd3 Nf5+ 33.Kg2 Qf4 34.Nh2 Qg5+
35.Ng4 Qf4 36.Nh2 Nh4+ 37.Kh1 e5 38.Rg1 Nf5 39.Rg4 Qh6 40.f4 Rxh3 41.f3 e4
42.Qxd5 Rxf3 43.Qxe4 Ng3+ 44.Rxg3 Rxg3 45.Rg2 Rxc3 46.Kg1 Bf5 47.Qe1 Rb3 
48.Nf1 Rh3 49.Ng3 Qxf4 50.Rh2 Qd4+ 51.Kg2 Qb2+ 52.Qe2 Rxh2+ 53.Kxh2 Qxb4 
54.Nxf5 gxf5 55.Qh5+ Kg8 56.Qxf5 Qd6+ 57.Kh3 Qh6+ 58.Kg3 Qe3+ 59.Kg4 Qe2+ 
60.Kg3 Qb5 61.Qc8+ Kf7 62.Qc7+ Kg6 63.Kf2 Qd5 64.Ke3 Kf6 65.Kf2 g5 66.Qb6+
Ke5 67.Qe3+ Kd6 68.Qb6+ Kd7 69.Qb4 Qf5+ 70.Kg2 Qd5+ 71.Kf2 Ke6 72.Qb6+ Kf5
73.Qc7 Qd4+ 74.Kg2 Qd2+ 75.Kg1 Qe3+ 76.Kg2 Qe4+ 77.Kg1 Kg4 78.Qd7+ Kh4 79.
Qd8 Qe3+ 80.Kf1 Kg3 0-1